000 00623nam a22002537a 4500
003 UA-OsUOA
001 93092
007 ta
008 20130115b un ||||| |||| 00| 0 ukr d
100 _aГерцен А.
090 _a821.161.1
_bГ41
942 _cBK
040 _aUA-OsUOA
_brus
_cUA-OsUOA
_dUA-OsUOA
245 _aБылое и думы
300 _a522 с.
_bІлюстрації
955 _a0
041 _arus
080 _a821.161.1
260 _aМосква
_bХудожественная литература
_c1967
246 3 1 _aЧ. 6 - 8
_n
044 _aRU
650 7 _2UDC
999 _c379096
_d379096